000 00753cam a2200265 i 4500
001 768714001
003 CO-MdBIC
005 20231201162812.0
008 231201t1968 sp ||||| |||| 00| 0 spa d
040 _bspa.
_aCO-MdFUSB
_cCO-MdFUSB
_dCO-MdFUSBC
_erda
041 _aspa
082 0 4 _aG 232 C9678r
100 1 _aCullmann, Oscar
245 1 0 _aCristo y el tiempo / Oscar Cullmann
_c/
264 1 _aBarcelona, España : EStela
_bEstela,
_c[1968]
264 4 _c©1968
300 _aXXXVI, 238 Pag
_c;
336 _atexto
_btxt
_2rdacontent
337 _2rdamedia
_asin mediación
_bn
338 _2rdacarrier
_avolumen
_bnc
500 _aTítulo original : Christ et le temps
650 7 _aCristología
_9239
942 _cBK
945 _ajohan1477
999 _c34571
_d34571